Welcome to the Holygrace Academy Library

Please use search bar below to get started

AADHUNIK HINDI VYAKARANA THADHA RACHANA (Record no. 9044)

MARC details
000 -LEADER
fixed length control field 00208nam a22000977a 4500
082 ## - DEWEY DECIMAL CLASSIFICATION NUMBER
Classification number 474
Item number ASH/A
100 ## - MAIN ENTRY--AUTHOR NAME
Personal name ASHOK
245 ## - TITLE STATEMENT
Title AADHUNIK HINDI VYAKARANA THADHA RACHANA
650 ## - SUBJECT ADDED ENTRY--TOPICAL TERM
Topical Term HINDHI GRAMMAR
942 ## - ADDED ENTRY ELEMENTS (KOHA)
Koha item type Books
Holdings
Withdrawn status Lost status Collection code Home library Current library Date acquired Full call number Accession Number Koha item type
  Missing Non-fiction Main Library Main Library 15/01/2025 474 ASH/A 01207 Books